01955nam a2200397 a 4500001001200000003000800012006001900020007001500039008004100054010001700095020002500112020002200137020002400159020002100183040002100204035002100225043001200246050002500258082001500283110014600298245033000444260005600774300004000830504004100870533015200911650004701063650003501110650003001145650003401175655002901209710008601238710007501324710001701399856012601416999001501542ebr10267576CaPaEBRm u cr cn|||||||||080825s2008 dcua sb 000 0 eng  z 2008037012 z9780309124850 (pbk.) z0309124859 (pbk.) z9780309124867 (pdf) z0309124867 (pdf) aCaPaEBRcCaPaEBR a(OCoLC)560586443 an-us---14aQA76.88b.N35 2008eb04a502.852222 aNational Research Council (U.S.).bCommittee on the Potential Impact of High-End Computing on Illustrative Fields of Science and Engineering.14aThe potential impact of high-end capability computing on four illustrative fields of science and engineeringh[electronic resource] /cCommittee on the Potential Impact of High-End Computing on Illustrative Fields of Science and Engineering, Division on Engineering and Physical Sciences, Division on Earth and Life Sciences. aWashington, DC :bNational Academies Press,cc2008. axiv, 142 p. :bill. (chiefly col.). aIncludes bibliographical references. aElectronic reproduction.bPalo Alto, Calif. :cebrary,d2013.nAvailable via World Wide Web.nAccess may be limited to ebrary affiliated libraries. 0aHigh performance computingzUnited States. 0aSupercomputerszUnited States. 0aSciencexData processing. 0aEngineeringxData processing. 7aElectronic books.2local2 aNational Research Council (U.S.).bDivision on Engineering and Physical Sciences.2 aNational Research Council (U.S.).bDivision on Earth and Life Studies.2 aebrary, Inc.40uhttp://site.ebrary.com/lib/rucke/Doc?id=10267576zAn electronic book accessible through the World Wide Web; click to view c9530d9530